| 000 | 00351cam a22001097a 4500 | ||
|---|---|---|---|
| 008 | 180718b1957 xxu||||| |||| 00| 0 eng d | ||
| 082 | _aU6x54 In2st | ||
| 245 | _aState enterprises in India, seminar (Dec.1957). Papers | ||
| 260 |
_aNew Delhi _bIndian Institute of Public Administration _c1957 |
||
| 300 | _av.p. | ||
| 650 | _aGovernment Enterprises - India | ||
| 999 |
_c475915 _d475915 |
||